000 00342nam a2200145Ia 4500
005 20251222152029.0
008 251222s9999||||xx |||||||||||||| ||spa||
020 _a9788467033816
082 _a863.5/A43
100 _aAllende, Isabel
245 0 _aLa Casa de los EspĂ­ritus
250 _a1ra. ed.
264 _bEspasa Libros
942 _cLIB
999 _c25603
_d25603